Vijñānamandira. (Record no. 54734)

MARC details
000 -LEADER
fixed length control field 00541cam a22002171 4500
001 - CONTROL NUMBER
control field sa 63002875
003 - CONTROL NUMBER IDENTIFIER
control field DLC
005 - DATE AND TIME OF LATEST TRANSACTION
control field 20260227111937.0
008 - FIXED-LENGTH DATA ELEMENTS--GENERAL INFORMATION
fixed length control field 891009s1950 ii a 000 0 gujo
010 ## - LIBRARY OF CONGRESS CONTROL NUMBER
LC control number sa 63002875
035 ## - SYSTEM CONTROL NUMBER
System control number (OCoLC)20460330
040 ## - CATALOGING SOURCE
Original cataloging agency DLC
Transcribing agency WaU
Modifying agency DLC
042 ## - AUTHENTICATION CODE
Authentication code premarc
050 00 - LIBRARY OF CONGRESS CALL NUMBER
Classification number Q141
Item number .P34
100 1# - MAIN ENTRY--PERSONAL NAME
Personal name Pandya, Kantilal Chhaganlal,
Dates associated with a name 1886-1958.
245 10 - TITLE STATEMENT
Title Vijñānamandira.
260 ## - PUBLICATION, DISTRIBUTION, ETC.
Date of publication, distribution, etc. [1950]
300 ## - PHYSICAL DESCRIPTION
Extent 456 p.
Other physical details illus.
Dimensions 19 cm.
500 ## - GENERAL NOTE
General note In Gujarati.
650 #0 - SUBJECT ADDED ENTRY--TOPICAL TERM
Topical term or geographic name entry element Scientists
Form subdivision Biography.

No items available.

Powered by Koha